Statistics for Porter Airlines Destinations

Click here to take the quiz!

General Stats

  • This quiz has been taken 41 times
  • The average score is 11 of 21

Answer Stats

#Destination% Correct
1Toronto
96%
1Halifax
89%
1Boston
82%
1Washington DC
82%
1Quebec City
75%
1Ottawa
71%
1Chicago
68%
1Newark
68%
1St. John
68%
1St. John's
68%
1Thunder Bay
68%
1Moncton
54%
1Windsor
50%
1Fredericton
43%
1Sudbury
39%
1Sault Ste. Marie
29%
1Timmins
25%
1Mont Tremblant
18%
1Myrtle Beach
18%
1Muskoka
11%
1Stephanville
7%

Score Distribution

Percentile by Number Answered

Percent of People with Each Score

Your Score History

You have not taken this quiz